000 00492nam a2200157 a 4500
005 20140412111239.0
008 010710s19uu xx 00 eng d
020 _a1-85210-837-1
050 _aER
_bMy99 1990
100 _aDavies, Sophie
245 _aMy visit to the theme park /
_cSophie Davies and Diana Bentley; photographs by Trevor Hill.
260 _aEngland :
_bWayland (Publishers) Limited,
_c1990.
300 _a24p. ; ill.
650 _aEnglish Language-Readers
999 _c102638
_d102638